Countries Closest to Beijing - Statistics

General Stats
  • This quiz has been taken 144 times
  • The average score is 19 of 20
Answer Stats
Distance (km) Distance (mi) Country % Correct
0 0 China
100%
1,285 798 Japan
100%
1,074 667 Russia
100%
843 524 South Korea
100%
1,669 1,037 Taiwan
100%
559 348 Mongolia
99%
666 414 North Korea
99%
2,360 1,466 Laos
98%
2,177 (2,228) 1,352 (1,385) India
97%
2,650 1,647 Thailand
97%
2,634 1,636 Bhutan
96%
2,097 1,303 Vietnam
96%
2,124 1,320 Myanmar
95%
2,913 1,810 Nepal
95%
2,148 1,335 Philippines
92%
2,925 1,817 Cambodia
91%
2,510 1,560 Kazakhstan
90%
2,777 1,726 Bangladesh
84%
3,031 1,883 Kyrgyzstan
84%
3,456 2,147 United States / Northern Mariana Islands
82%
No matching quizzes found
Score Distribution
Percent of People with Each Score
Percentile by Number Answered
Your Score History
You have not taken this quiz